Statistics for NFL Rushing Leaders of the 2000s

Click here to take the quiz!

General Stats

  • This quiz has been taken 104 times
  • The average score is 72 of 100

Answer Stats

YardsTeamPlayer% Correct
1,341MINAdrian Peterson
95%
1,383MINAdrian Peterson
95%
1,760MINAdrian Peterson
95%
2,006TENChris Johnson
93%
1,228TENChris Johnson
93%
1,110SDGLaDainian Tomlinson
93%
1,474SDGLaDainian Tomlinson
93%
1,236SDGLaDainian Tomlinson
93%
1,815SDGLaDainian Tomlinson
93%
1,683SDGLaDainian Tomlinson
93%
1,462SDGLaDainian Tomlinson
93%
1,645SDGLaDainian Tomlinson
93%
1,335SDGLaDainian Tomlinson
93%
1,789KANLarry Johnson
93%
1,750KANLarry Johnson
93%
1,458CINRudi Johnson
93%
1,454CINRudi Johnson
93%
1,309CINRudi Johnson
93%
1,696SEAShaun Alexander
89%
1,880SEAShaun Alexander
89%
1,435SEAShaun Alexander
89%
1,318SEAShaun Alexander
89%
1,709INDEdgerrin James
86%
1,548INDEdgerrin James
86%
1,222ARIEdgerrin James
86%
1,506INDEdgerrin James
86%
1,695SFOFrank Gore
86%
1,391JAXMaurice Jones-Drew
85%
1,341PITJerome Bettis
84%
1,402NYJThomas Jones
84%
1,335CHIThomas Jones
84%
1,312NYJThomas Jones
84%
1,119NYJThomas Jones
84%
1,513NYJCurtis Martin
82%
1,697NYJCurtis Martin
82%
1,382STLMarshall Faulk
82%
1,359STLMarshall Faulk
82%
1,662NYGTiki Barber
82%
1,860NYGTiki Barber
82%
1,518NYGTiki Barber
82%
1,387NYGTiki Barber
82%
1,515CARDeAngelo Williams
81%
1,121MIARicky Williams
81%
1,372MIARicky Williams
81%
1,853MIARicky Williams
81%
1,245NORRicky Williams
81%
1,883GNBAhman Green
78%
1,387GNBAhman Green
78%
1,216MINChester Taylor
77%
1,572JAXFred Taylor
77%
1,314JAXFred Taylor
77%
1,399JAXFred Taylor
77%
1,202JAXFred Taylor
77%
1,224JAXFred Taylor
77%
1,304CLEJamal Lewis
77%
1,327BALJamal Lewis
77%
1,364BALJamal Lewis
77%
2,066BALJamal Lewis
77%
1,416STLSteven Jackson
77%
1,528STLSteven Jackson
77%
1,444CARStephen Davis
73%
1,432WASStephen Davis
73%
1,318WASStephen Davis
73%
1,315CINCorey Dillon
71%
1,435CINCorey Dillon
71%
1,311CINCorey Dillon
71%
1,635NWECorey Dillon
71%
1,509TENEddie George
68%
1,615KANPriest Holmes
68%
1,420KANPriest Holmes
68%
1,555KANPriest Holmes
68%
1,339BALRay Rice
68%
1,262WASClinton Portis
66%
1,591DENClinton Portis
66%
1,508DENClinton Portis
66%
1,516WASClinton Portis
66%
1,315WASClinton Portis
66%
1,487WASClinton Portis
66%
1,238CHIMatt Forte
66%
1,521MINRobert Smith
64%
1,699ATLMichael Turner
55%
1,641NORDeuce McAllister
52%
1,388NORDeuce McAllister
52%
1,133CARJonathan Stewart
52%
1,217PHIBrian Westbrook
51%
1,333PHIBrian Westbrook
51%
1,487DENMike Anderson
51%
1,494PITWillie Parker
37%
1,316PITWillie Parker
37%
1,207BALWillis McGahee
37%
1,247BUFWillis McGahee
37%
1,416ATLWarrick Dunn
36%
1,206SFOGarrison Hearst
34%
1,251CINCedric Benson
30%
1,253GNBRyan Grant
22%
1,203GNBRyan Grant
22%
1,438BUFTravis Henry
21%
1,211TENTravis Henry
21%
1,282HOUSteve Slaton
14%
1,240DENReuben Droughns
12%

Score Distribution

Percentile by Number Answered

Percent of People with Each Score

Your Score History

You have not taken this quiz